000 01197cam a2200445 4500
001 ABS63406
008 000000n2001 000 0 eng u
035 _a(Sirsi) u110767
245 _aRegional survey: West End
260 _c2001
490 _aProperty Week
_v66(5) 2 February 2001, 45-62(8)
590 _aABS
650 _aBOND STREET
650 _aBRENT CROSS
650 _aBRIXTON
650 _aCAMDEN
650 _aCENTRAL LONDON
650 _aCLAPHAM
650 _aCOVENT GARDEN
650 _aDALSTON
650 _aEALING
650 _aFITZROVIA
650 _aHAMMERSMITH
650 _aHOUSING MARKET
650 _aISLINGTON
650 _aKENSINGTON
650 _aKENSINGTON AND CHELSEA
650 _aMAYFAIR
650 _aPROPERTY-COMMERCIAL PROPERTY-OFFICE PROPERTY-OFFICE PROPERTY MARKET
650 _aOXFORD STREET
650 _aREGENT STREET
650 _aPROPERTY-COMMERCIAL PROPERTY-RETAIL PROPERTY-RETAIL PROPERTY MARKET
650 _aSOHO
650 _aST JAMES'S
650 _aVICTORIA
650 _aWEST END OF LONDON
650 _aWESTMINSTER
690 _aPROPERTY-COMMERCIAL PROPERTY-COMMERCIAL PROPERTY MARKET
942 _n0
999 _c66028
_d66028